Géologie générale et pétrographi /

Guardado en:
Autor Principal: Théobald, Nicolás.
Otros Autores: Gama, A.
Formato: Libro
Idioma:French
Publicado: Paris : G. Doin, 1961.
Edición:2. ed.
Etiquetas: Agregar Etiqueta
Sin Etiquetas, Sea el primero en etiquetar este registro!
LEADER 00521nam a22001815a 4500
001 EUN.um019721
003 AR-BaUNS
005 20050623122859.0
008 041125s1961####fr#a##########000#0#fre#d
245 1 0 |a Géologie générale et pétrographi /  |c Nicolás Théobald, A. Gama. 
260 |a Paris :  |b G. Doin,  |c 1961. 
300 |a 529 p. :  |b ilus. ;  |c 21 cm. 
100 1 |a Théobald, Nicolás. 
700 1 |a Gama, A. 
082 0 4 |a 550 
082 0 4 |a 552 
250 |a 2. ed. 
859 |a Ar-BaUNS  |b BIB. CENTRAL - Sector C  |h 550  |i T342a2  |p 97571/989